00978 2200325 4500001002100000005001500021035002000036006001800056007000300074008004100077856002200118020002200140040001700162082001500179084002100194090002100215100002000236245016000256260003100416300003900447600002300486650002300509700001500532700001800547700001700565700002100582850001200603999001700615250002000632INLIS00000000071861520220120010040 a0010-0122003616aa g 000 0ta220120 g 0 ind  aPerpustakaan Umum a978-602-0935-16-4 aJKPNPNAbind a92 (Astri) a92 (Astri) YUG a aCB-D.9 2015-94650 aYugha Erlangga,1 aAstrie Ivo :bsepasang sayap menuju surga : autobiografi parenting /cYugha Erlangga dan Astrie Ivo ; editor, Fikni Mutiara, Hijrah Ahmad, Andhika Prasetya aJakarta :bErlangga,c2015 a159 halaman :bilustrasi ;c21 cm.04aAstrie Ivo,d1964- 4aOrang tua dan anak0 aAstrie Ivo0 aFikni Mutiara0 aHijrah Ahmad0 aAndhika Prasetya aJKPNPNA a9465/DM/D/15 aCetakan pertama